000 00527nam a2200229Ia 4500
003 OSt
005 20220918200025.0
006 a|||||r|||| 00| 0
007 ta
008 220917b |||||||| |||| 00| 0 eng d
024 _a87,226
037 _cTextual
040 _aARTS
_cARTS
_beng
041 _2eng
_aeng
082 _aU, J3
100 _aWalker F
_992476
245 0 _aGeography from the air
260 _c1953
650 _aGEOGRAPHY
942 _hU, J3
_cTEXL
_2CC
999 _c210921
_d210921